LEADER 01366nam a2200289 i 4500 001 000000237459 003 CaOOAMICUS 005 20250806100735.0 008 141229s2014 gw u000 u lat u 013 $a216364 020 $a978-3-402-10111-7 040 $aSeMil$bita 100 1 $aAlbertus : Magnus,$c.$0(OLS)http://semarc/name/930 245 10$a39: Super Euclidem /$cedidit Paul M. J. E. Tummers. 264 1$aMonasterii Westfaliorum :$bin aedibus Aschendorff,$c2014. 300 $aXXIV, 125 p. ;$c33 cm. 500 $aHuius editionis numerus currens 30 650 4$aEuclide.$0(OLS)http://semarc/subject/26542 700 1 $aTummers, Paul M. J. E.,$d<1943- >.$0(OLS)http://semarc/name/80917 773 0 $aAlbertus : Magnus $tSancti doctoris Ecclesiae Alberti Magni ordinis fratrum praedicatorum episcopi Opera Omnia.$dMonasterii Westfaliorum : in aedibus Aschendorff $w()1311 850 $aSeMil 852 $aSeMil$W1$xVenegono$y1$mSL1.U VII 39$j187805$B187805$CSeMilBibl$Z2$F198725 $8I 961 $aSottoscrizione: Aschendorff 996 $6020$a978-3-402-10111-7$9(OLS)http://semarc/number/242854 996 $6245$a39: Super Euclidem$9(OLS)http://semarc/title/338458 996 $6264$aMonasterii Westfaliorum :$bin aedibus Aschendorff$9(OLS)http://semarc/publisher/30222 LEADER 01150nam a2200229 i 4500 001 000000027302 003 CaOOAMICUS 005 20251126145524.0 008 180830s1971 it u000 u ita u 040 $aSeMil$bita 100 1 $aGomez de Ayala, Alfredo.$0(OLS)http://semarc/name/12399 245 14$aGli infedeli e la personalità nell'ordinamento canonico /$cAlfredo Gomez de Ayala. 260 $aMilano :$bGiuffrè,$c1971. 300 $av. ;$c26 cm. 490 1 $aCollana degli Annali della Facoltà di giurisprudenza dell'Università di Genova 650 4$aInfedeli - Diritto canonico.$0(OLS)http://semarc/subject/59091 650 4$aPersona - Diritto canonico.$0(OLS)http://semarc/subject/8259 774 0 $t1.$kCollana degli Annali della Facoltà di giurisprudenza dell'Università di Genova$w()53442 830 0$aCollana degli Annali della Facoltà di giurisprudenza dell'Università di Genova.$0(OLS)http://semarc/title/401911 996 $6245$aGli infedeli e la personalità nell'ordinamento canonico$9(OLS)http://semarc/title/36944 996 $6260$aMilano :$bGiuffrè$9(OLS)http://semarc/publisher/29926